000
00317nam a2200133Ia 4500
008
231129s1968||||xx |||||||||||||| ||spa||
040
_b
spa
082
_a
323.40973 K29L
100
_a
Kelly F.K.
245
0
_a
La libertad y sus garantias
260
_c
1968
264
_a
Compania General Fabril
942
_2
ddc
_c
BKS
999
_c
17484
_d
17484